000 00187 a2200097 4500
020 _a30006654
041 _aspa
100 _a Lynn Stone
245 _aLaws carreras del rodeo
942 _cBK
999 _c13551
_d13551